000
00215nam a2200073Ia 4500
008
170817s9999 xx 000 0 und d
100
_a
N A.A.Council
245
3
_a
An Anthology Of Best Pracction Teacher Education
260
_b
Nacc ngarbhavi Bangalore
999
_c
39891
_d
39891